Ātiyē antamāy / (Record no. 186760)

MARC details
000 -LEADER
fixed length control field 00964nam a2200289 i 4500
003 - CONTROL NUMBER IDENTIFIER
control field OSt
005 - DATE AND TIME OF LATEST TRANSACTION
control field 20220102123657.0
008 - FIXED-LENGTH DATA ELEMENTS--GENERAL INFORMATION
fixed length control field 220102s2020 ii e 000 f tam d
020 ## - INTERNATIONAL STANDARD BOOK NUMBER
Terms of availability RM137.20
Qualifying information paperback
040 ## - CATALOGING SOURCE
Original cataloging agency PPAK
Language of cataloging eng
Transcribing agency PPAK
Description conventions rda
082 04 - DEWEY DECIMAL CLASSIFICATION NUMBER
Edition number 23
Classification number 894.8113
090 00 - LOCALLY ASSIGNED LC-TYPE CALL NUMBER (OCLC); LOCAL CALL NUMBER (RLIN)
Classification number (OCLC) (R) ; Classification number, CALL (RLIN) (NR) 894.8113
Feature heading MON
Feature heading G
100 0# - MAIN ENTRY--PERSONAL NAME
Linkage 880-01
Personal name Mōn̲iṣā
Relator term author.
242 ## - TRANSLATION OF TITLE BY CATALOGING AGENCY
Title Permulaan juga bagai pengakhiratan
Language code of translated title may
245 10 - TITLE STATEMENT
Linkage 880-02
Title Ātiyē antamāy /
Remainder of title Mōn̲iṣā
264 #1 - PRODUCTION, PUBLICATION, DISTRIBUTION, MANUFACTURE, AND COPYRIGHT NOTICE
Place of production, publication, distribution, manufacture Cen̲n̲ai, India :
Name of producer, publisher, distributor, manufacturer Ār.Ār. Nilaiyam,
Date of production, publication, distribution, manufacture, or copyright notice 2020
300 ## - PHYSICAL DESCRIPTION
Extent 560 pages ;
Dimensions 17 cm.
336 ## - CONTENT TYPE
Source rdacontent
Content type term text
337 ## - MEDIA TYPE
Source rdamedia
Media type term unmediated
338 ## - CARRIER TYPE
Source rdacarrier
Carrier type term volume
650 10 - SUBJECT ADDED ENTRY--TOPICAL TERM
Topical term or geographic name entry element Tamil fiction
Topical term or geographic name entry element Man-woman relationships
Form subdivision Fiction
Topical term or geographic name entry element Man-woman relationships.
880 0# - ALTERNATE GRAPHIC REPRESENTATION
Linkage 100-01
a மோனிஷா,
e நூலாசிரியர்.
Linkage 245-02
a ஆதியே அந்தமாய்
e மோனிஷா
942 ## - ADDED ENTRY ELEMENTS (KOHA)
Source of classification or shelving scheme Dewey Decimal Classification
Koha item type Book
Holdings
Withdrawn Not for loan Current library Shelving location Date acquired Total Checkouts Full call number Barcode Date last seen Date last checked out Koha item type Total Renewals
    Perpustakaan Alor Setar Pinjaman Dewasa 09/02/2022 1 894.8113 MON A01721007 20/08/2024 13/08/2024 Book  
    Perpustakaan Awam Sungai Petani Pinjaman Dewasa 09/02/2022 1 894.8113 MON A01721008 20/08/2023 16/07/2023 Book 1